|
|
|
|
| LEADER |
00000naa2a2200000 4500 |
| 001 |
681269 |
| 005 |
20250916120750.0 |
| 090 |
|
|
|a 681269
|
| 100 |
|
|
|a 20250820d2025 k||y0rusy50 ca
|
| 101 |
0 |
|
|a rus
|
| 102 |
|
|
|a RU
|
| 135 |
|
|
|a drbn ---uucaa
|
| 200 |
1 |
|
|a Способы визуализации многомерных данных
|f Бородачева Т. Д., Шкляр А. В.
|
| 320 |
|
|
|a Список использованных источников: 4 назв
|
| 330 |
|
|
|a В работе рассматривается проблема визуализации сложных для анализа человека многомерных данных, а также предлагается альтернативный подход к демонстрации характеристик систем и объектов через использование единого визуального образа как многомерного массива
|
| 336 |
|
|
|a Текстовый файл
|
| 463 |
|
1 |
|0 681090
|9 681090
|t Молодежь и современные информационные технологии
|o сборник трудов XXII Международной научно-практической конференции студентов, аспирантов и молодых ученых, 15–17 апреля 2025 г., Томск
|f под ред. А. С. Беляева
|c Томск
|d 2025
|n Изд-во ТПУ
|u conference_tpu-2025-C04.pdf
|v С. 704-708
|
| 545 |
1 |
|
|a Цифровой дизайн
|
| 610 |
1 |
|
|a электронный ресурс
|
| 610 |
1 |
|
|a труды учёных ТПУ
|
| 610 |
1 |
|
|a многомерные данные
|
| 610 |
1 |
|
|a массив данных
|
| 610 |
1 |
|
|a визуализация
|
| 610 |
1 |
|
|a сопоставление
|
| 610 |
1 |
|
|a анализ
|
| 610 |
1 |
|
|a информация
|
| 700 |
|
1 |
|a Бородачева
|b Т. Д.
|
| 701 |
|
1 |
|a Шкляр
|b А. В.
|c специалист в области информатики и вычислительной техники
|c старший преподаватель Томского политехнического университета
|f 1970-
|g Алексей Викторович
|9 14264
|
| 801 |
|
0 |
|a RU
|b 63413507
|c 20250820
|
| 850 |
|
|
|a 63413507
|
| 856 |
4 |
|
|u http://earchive.tpu.ru/handle/11683/132171
|z http://earchive.tpu.ru/handle/11683/132171
|
| 942 |
|
|
|c CF
|